=LDR 00000nam 2200000 4500 =001 INLIS000000000022365 =005 20130612121129 =008 ***********************************Ind** =035 ##$$0010-061300000022365 =041 ##$$a Ind =082 ##$$a 813 =090 ##$$a 813, Rip-s =100 ##$$a Ripley, Alexandra =245 ##$$a Scarlet 1, Sambungan kisah Gone with the wind, Alexandra Ripley =260 ##$$a 1993 $b Jakarta =300 ##$$a 593 hlm., 18 cm =650 ##$$a Sastra terjemahan =850 ##$$a NBPNMAT